[Event "Ruhrgebiet VK1 0708"]
[Site "Germany"]
[Date "2007.10.21"]
[Round "2.8"]
[White "Schmitthoefer, Herbert"]
[Black "Waldner, Ulrich"]
[Result "0-1"]
[WhiteElo "1693"]
[BlackElo "1680"]
[PlyCount "92"]
[EventDate "2007.09.16"]
[EventType "team"]
[EventRounds "9"]
[EventCountry "GER"]
[SourceTitle "EXT 2009"]
[Source "ChessBase"]
[SourceDate "2008.11.26"]
[SourceVersion "1"]
[SourceVersionDate "2008.11.26"]
[SourceQuality "1"]
[WhiteTeam "Katernberg III"]
[BlackTeam "Altstadt RE"]
[WhiteTeamCountry "GER"]
[BlackTeamCountry "GER"]

1. d4 d5 2. Nf3 Bg4 3. Ne5 Bh5 4. g4 Bg6 5. Nxg6 fxg6 6. c4 e6 7. Nc3 Be7 8. cxd5 exd5 9. Qb3 Nf6 10. Qxb7 Nbd7 11. Nxd5 0-0 12. Nxe7+ Qxe7 13. Qb3+ Kh8 14. f3 Rae8 15. Bg5 h6 16. Bh4 g5 17. Bg3 Rb8 18. Qa3 Qe8 19. Bxc7 Rc8 20. Bd6 Rf7 21. h4 gxh4 22. Rxh4 Nh7 23. Kf2 Ng5 24. Kg2 Rc2 25. Qd3 Qc8 26. Kg3 Rxb2 27. f4 Rc2 28. Kh2 Rc3 29. Qg6 Rf6 30. Qxg5 Rxd6 31. Qe7 Rcc6 32. d5 Rb6 33. Bg2 Nf6 34. Bf3 Nxd5 35. Qe5 Nf6 36. f5 Nh7 37. Be4 Ng5 38. Bd3 Rxd3 39. Rf1 Rdd6 40. Qe7 Nh7 41. Qxa7 Qe8 42. Rf2 Ra6 43. Qc5 Rdc6 44. Qd5 Nf6 45. Qb3 Ne4 46. Kg2 Rc3 0-1